亚洲各国 - Statistics

General Stats
  • This quiz has been taken 3 921 times
  • The average score is 40 of 48
Answers on the Map
Answers color-coded by a green-red scale on the quiz's map according to % correct below.
 
Answer Stats
国家 % Correct
中国
99%
韩国
97%
蒙古
97%
日本
97%
印度
97%
朝鲜
96%
越南
95%
缅甸
94%
泰国
94%
印度尼西亚
94%
老挝
93%
巴基斯坦
92%
马来西亚
92%
哈萨克斯坦
91%
尼泊尔
91%
菲律宾
90%
吉尔吉斯斯坦
90%
柬埔寨
89%
伊朗
89%
沙特阿拉伯
88%
台湾
88%
不丹
87%
土耳其
87%
新加坡
86%
阿富汗
85%
孟加拉
85%
以色列
85%
也门
83%
阿联酋
82%
塔吉克斯坦
82%
斯里兰卡
81%
伊拉克
81%
乌兹别克斯坦
76%
卡塔尔
75%
土库曼斯坦
75%
文莱
75%
叙利亚
74%
阿曼
72%
阿塞拜疆
71%
东帝汶
66%
亚美尼亚
66%
格鲁吉亚
65%
科威特
65%
约旦
65%
黎巴嫩
64%
塞浦路斯
62%
巴林
59%
马尔代夫
58%
No matching quizzes found
Score Distribution
Percent of People with Each Score
Percentile by Number Answered
Your Score History
You have not taken this quiz